Click to Build the Map of Africa - No Mercy! - Statistics

General Stats
  • This quiz has been taken 146 times
  • The average score is 14 of 54
Answers on the Map
Answers color-coded by a green-red scale on the quiz's map according to % correct below.
 
Answer Stats
Answer % Correct
Egypt
100%
Sudan
97%
Libya
92%
Algeria
90%
South Sudan
87%
Morocco
69%
Tunisia
62%
Ethiopia
59%
Kenya
46%
Chad
44%
Central African
Republic
38%
Mauritania
38%
Niger
38%
Nigeria
38%
Eritrea
36%
Mali
36%
Somalia
36%
Djibouti
33%
Burkina Faso
28%
Cameroon
26%
Benin
23%
Uganda
23%
Ghana
21%
Burundi
15%
Congo (Dem. Rep.)
15%
Congo (Rep. of)
15%
Gabon
15%
Rwanda
15%
Tanzania
15%
Equatorial Guinea
13%
Mozambique
13%
Senegal
13%
Zambia
13%
Malawi
10%
Angola
8%
Botswana
8%
Eswatini
8%
Ivory Coast
8%
Lesotho
8%
Liberia
8%
Madagascar
8%
Namibia
8%
Sierra Leone
8%
South Africa
8%
Togo
8%
Zimbabwe
8%
Cape Verde
5%
Gambia
5%
Guinea
5%
Guinea-Bissau
5%
São Tomé and
Príncipe
5%
Comoros
0%
Mauritius
0%
Seychelles
0%
No matching quizzes found
Score Distribution
Percent of People with Each Score
Percentile by Number Answered
Your Score History
You have not taken this quiz